00871nam a2200265 i 4500001001000000003000900010005001700019007000300036008004100039040003000080041000800110082002300118100004100141245008200182264005200264300004500316336002700361337003300388338002800421504003500449650001300484650003800497650003800535650003200573000008125DO-SdBNP20260225130902.0ta090915s1977 dr a 000 0 spa d aDO-SdBNPbspacBNPHUerda aspa 4a305.235bM828d2221 aA. Morales, H. Alfredo,eautor4aut.13aEl desafío de ser joven :breflexiones educativas /cH. Alfredo A. Morales. 1aSanto Domingo :beditor no identificado,c1977. a249 páginas :bilustraciones ;c19 cm. atextobtxt2rdacontent asin mediaciónbn2rdamedia avolumenbnc2rdacarrier aBibliografía : páginas 249 4aJuventud 4aEducación para la vida familiar 4aAutorrealización (Psicología) 7aConducta de vida 2LIBRUNAM